000 01028nam a2200253 i 4500
001 164539
003 ES-MaACL
005 20231229063049.0
008 990901s1869 sp |||| | spa d
080 _a929.2 Borbón (460)
100 1 _aSánchez, Miguel,
_d1833-1889
_9102411
245 1 3 _aLa fusión dinástica :
_bcarta a un personaje carlista /
_cpor D. Miguel Sánchez.
260 _aMadrid :
_b[s.n.],
_c1869 (
_fEstab. Tip. de R. Vicente)
300 _a55 p. ;
_c18 cm.
510 4 _aPalau,
_c294366
530 _aDisponible en formato digital.
597 _aAntep.
600 3 4 _aBorbón, Casa de-
_zEspaña.
_930350
852 4 _aES-MaACL
_jL-4900(2)
_z- Enc. hol.
_z- Donativo Roda
852 4 _aES-MaACL
_jT-109-F-5
_z- Enc. hol.
_z- Enc. en un vol. facticio
856 4 _uhttp://bdh-rd.bne.es/viewer.vm?id=0000261724&page=1
_zBiblioteca Digital Hispánica
856 4 _uhttp://www.liburuklik.euskadi.eus/handle/10771/24997
_zBiblioteca Digital Vasca
999 _c164539
_d164539